000
00333 a2200157 4500
001
47560
020
_a
978-85-262-9848-4
040
_c
Anchieta - Aquarius
100
_a
Rios, Rosana
240
1
0
_a
O monstro
_l
por
245
1
0
_a
O monstro
300
_a
32p.
362
0
_a
2015
650
4
_a
Literatura infanto-juvenil
942
_c
BK
999
_c
47560
_d
47560